| 000 | 00722nam a2200193 a 4500 | ||
|---|---|---|---|
| 005 | 20210223121501.0 | ||
| 008 | 991125s1952 it 000 0 eng u | ||
| 035 | _aUPN01000018454 | ||
| 049 | _aCG | ||
| 050 | 4 |
_aLA790 _bI8.4 |
|
| 110 | 1 |
_aItalia. _bMinistero della Pubblica Istruzionne |
|
| 245 | 1 | 0 |
_aEducation in Italy = Escuelas de Italia / _cMinistero della Pubblica Istruzione. |
| 260 |
_aRoma : _bMinistero della Pubblica Istruzione, _c1952. |
||
| 300 |
_a105 p. : _bil |
||
| 440 | 0 | _aPubblicazione a cura della Consulta Didattica del Ministero della Pubblica Instruzione e della Commissione Nazionale UNESCO | |
| 650 | 4 |
_aEDUCACION - _zITALIA - _xHISTORIA _917178 |
|
| 740 | 0 | _aEscuelas de Italia | |
| 905 | _aLibro | ||
| 999 |
_c18454 _d18454 |
||